Tenzorové súčiny pologrúp a grupoidov : Kand.diz.práca : V.odb. 11-02-9 : Obh. 08.02.1978 /
Na minha lista:
| Autor principal: | |
|---|---|
| Outros Autores: | |
| Formato: | Manuscrito Livro |
| Publicado em: |
Bratislava :
SVŠT v Bratislave EF,
1977
|
| Assuntos: | |
| Tags: |
Sem tags, seja o primeiro a adicionar uma tag!
|
MARC
| LEADER | 00000ntm a22000003a 4500 | ||
|---|---|---|---|
| 001 | stu5602 | ||
| 005 | 20150617225807.9 | ||
| 008 | ------s1977----------------------------d | ||
| 040 | |a STU |b slo | ||
| 041 | 0 | ||
| 100 | 1 | |a Satko, Ladislav, |d 1941- |4 aut |u E170 |U FEI Fakulta elektrotechniky a informatiky |T FEI Katedra matematiky |X 2153 |U E170 |Y 64 |7 A000002153 | |
| 245 | 1 | |a Tenzorové súčiny pologrúp a grupoidov : |b Kand.diz.práca : V.odb. 11-02-9 : Obh. 08.02.1978 / |c [aut.] Satko,Ladislav; Škol. Schwarz,řtefan | |
| 260 | |a Bratislava : |b SVŠT v Bratislave EF, |c 1977 | ||
| 300 | |a 64 s | ||
| 650 | 7 | |a algebra |2 stusub | |
| 650 | 7 | |a teória čísel |2 stusub | |
| 700 | 1 | |a Schwarz, Štefan |4 ths | |
| 996 | |b 284ED00707 |c E*KDIZ-196 |l EE01 |s A |a 24 |w stu5602_0001 | ||